Yves Klein (Record no. 1670)

MARC details
000 -LEADER
campo de control de longitud fija 00959nam a2200157 4500
008 - DATOS DE LONGITUD FIJA--INFORMACIÓN GENERAL
campo de control de longitud fija 708.009 K64y
020 ## - NÚMERO INTERNACIONAL ESTÁNDAR DEL LIBRO
Número Internacional Estándar del Libro 9788417047313
082 ## - NÚMERO DE LA CLASIFICACIÓN DECIMAL DEWEY
Número de clasificación 708.009
Número de ítem K64y
100 ## - ENTRADA PRINCIPAL--NOMBRE DE PERSONA
Nombre de persona Klein, Yves
9 (RLIN) 6793
245 ## - MENCIÓN DEL TÍTULO
Título Yves Klein
260 ## - PUBLICACIÓN, DISTRIBUCIÓN, ETC.
Lugar de publicación, distribución, etc. Ciudad de México
Nombre del editor, distribuidor, etc. Museo Universitario de Arte Contemporáneo
Fecha de publicación, distribución, etc. 2017
300 ## - DESCRIPCIÓN FÍSICA
Extensión 328 p.
Otras características físicas ill (col)
Dimensiones 22 x 16.5 cm
505 ## - NOTA DE CONTENIDO CON FORMATO
Título Presentación
Mención de responsabilidad Jorge Volpi
Título Mi posición en el combate entre la línea y el color
Mención de responsabilidad Yves Klein
Título La evolución del arte hacia lo inmaterial
Mención de responsabilidad Yves Klein
Título Manifiesto del Hotel Chelsea
Mención de responsabilidad Yves Klein
Título La utopía del entusiasmo de Yves Klein
Mención de responsabilidad Klaus Ottman
Título Yves Klein por Yves Klein por Yves Klein por daniela Franco
Mención de responsabilidad Daniela Franco
Título El libro, la ficción, el cielo
Mención de responsabilidad Daniela Saldaña París
Título Cronología
-- Exhibiciones individuales
-- Filmografía selecta
-- Bibliografía
-- Créditos
650 ## - PUNTO DE ACCESO ADICIONAL DE MATERIA--TÉRMINO DE MATERIA
Subdivisión general arte contemporáneo
-- arte - exhibiciones
-- arte - biografía
9 (RLIN) 6794
700 ## - ENTRADA AGREGADA--NOMBRE PERSONAL
Nombre de persona Alvarez Romero, Ekaterina (edición)
9 (RLIN) 6792
Holdings
Estatus retirado Estado de pérdida Fuente del sistema de clasificación o colocación Estado de daño No para préstamo Biblioteca de origen Biblioteca actual Ubicación en estantería Fecha de adquisición Total de préstamos Signatura topográfica completa Código de barras Visto por última vez Precio de reemplazo Tipo de ítem Koha
    Clasificación Decimal Dewey     Biblioteca LadoV Biblioteca LadoV   21/11/2018   708.009 K64y 004693 21/11/2018 21/11/2018 Material 01